Types of pets - Statistics

General Stats
  • This quiz has been taken 32 times
  • The average score is 8 of 10
Answer Stats
Hint Answer % Correct
Feline Cat
100%
Man's best friend Dog
100%
Ssssssss Snake
93%
Arachnophobia Spider
89%
Feed it carrot tops Rabbit
82%
Not actually a pig Guinea pig
79%
Bloop bloop Fish
71%
Nothing to do with ham Hamster
68%
Often named polly (name the wider species) Bird
61%
Bit slow, doesn't have much have a commute from home to work. Tortoise
36%
No matching quizzes found
Score Distribution
Percent of People with Each Score
Percentile by Number Answered
Your Score History
You have not taken this quiz